|
|
|
|
| LEADER |
00998cam a2200253 7i4500 |
| 001 |
0000061294 |
| 005 |
20210913090000.0 |
| 020 |
|
|
|a 9781498728607 (eletronic book)
|
| 090 |
0 |
0 |
|a QD40
|b .R65 2016
|
| 245 |
0 |
0 |
|a Research methodology in chemical sciences :
|b experimental and theoretical approach
|c edited by Tanmoy Chakraborty, Lalita Ledwani.
|
| 264 |
|
|
|a Boca Raton, FL:
|b CRC Press,
|c 2016.
|
| 300 |
|
|
|a 1 online resource (355 pages):
|b illustrations, text file, PDF.
|
| 336 |
|
|
|a text
|2 rdacontent
|
| 337 |
|
|
|a computer
|2 rdamedia
|
| 338 |
|
|
|a online resource
|2 rdacarrier
|
| 650 |
|
0 |
|a Chemistry --
|x Research
|
| 655 |
|
0 |
|a Electronic books
|
| 700 |
1 |
|
|a Chakraborty, Tanmoy
|
| 700 |
1 |
|
|a Ledwani, Lalita
|
| 856 |
4 |
2 |
|u http://library.unisel.edu.my/web/guest/mylibrary
|
| 997 |
|
|
|a Engineering & Life Sciences, Faculty
|b Engineering, Department
|
| 998 |
|
|
|a Mechanical Engineering, Degree
|
| 998 |
|
|
|a Mechanical Engineering, Diploma
|
| 999 |
|
|
|a EBO0007023
|b EBOOK
|c EBOOK
|e Electronic resources
|